000 00391nam a22001337a 4500
999 _c41453
_d41453
003 OSt
005 20220309152155.0
008 220309b ||||| |||| 00| 0 eng d
040 _coclc
082 _a00.076
_bRUT/V
245 _aVijayaveedhi:
_bDegree Pradhamika Pareeksha Rank File
260 _bKerala State Rutronix
942 _2ddc
_cBK
_h00.076
_iRUT/V
_k00.076
_mRUT/V